000 00727nam a2200205 a 4500
008 071114s2000 ||||||||||||||||| || u
020 _a0582405203
050 _aTH 145 Fos
100 _aFoster, Jack Stroud
245 1 0 _aStructure and fabric part 2
_cJack Stroud Foster; Raymond Harington
250 _a6th ed.
260 _aLondon
_bPearson/Longman
_c2000
300 _aviii, 375p.: ill.
350 _a0.00
490 _aMitchell's building series
650 _aBUILDING
650 _aBUILDINGS, STRUCTURES, ETC
700 _aHarington, Raymond
995 _D0.00
_FCBU-MAIN LIBRARY (Kitwe)
_H1
_I0.00
_M1
_UAVAILABLE
_WNov 14, 2007
_ZMain Library Open Access Collection
999 _c58711
_d58711